000 01186nam a22002177a 4500
003 OSt
005 20260311060707.0
008 260311b |||||||| |||| 00| 0 eng d
020 _a0448089246
040 _aDWCL GS lib
_cOC
082 _aFic. D621s 2008
100 _aDixon W. Franklin
245 _aThe Short-Wave Mystery
_cFranklin W. Dixon
260 _aCanada
_bFranklin W. Dixon
_c1945
300 _aExtent- vii, 176 pages:
_billustration ;
_c20cm
520 _afollows Frank and Joe Hardy as they investigate a, crime wave involving stolen stuffed animals and, concurrently, assist their father, Fenton, in breaking up an industrial spy ring that uses coded shortwave radio signals to coordinate thefts, leading them to a climax in Northern Canada.
650 _ainvestigating a theft ring that uses ham radio to coordinate industrial espionage. The investigation is characterized by the following actions and behaviors
650 _aresourcefulness, integrity, and the power of persistence in the face of adversity. The story demonstrates that young people can make a significant impact through curiosity and teamwork.
700 _aFranklin W. Dixon
942 _2ddc
_cFIC.
_n0
999 _c8944
_d8944